|
|
|
|
| LEADER |
00000cam a22000004a 4500 |
| 001 |
musev2_49037 |
| 003 |
MdBmJHUP |
| 005 |
20230905045109.0 |
| 006 |
m o d |
| 007 |
cr||||||||nn|n |
| 008 |
160204s2016 onc o 00 0 eng d |
| 010 |
|
|
|z 2017381710
|
| 020 |
|
|
|a 9781771121019
|
| 020 |
|
|
|z 9781771121200
|
| 020 |
|
|
|z 1771121017
|
| 035 |
|
|
|a (OCoLC)939202480
|
| 040 |
|
|
|a MdBmJHUP
|c MdBmJHUP
|
| 100 |
1 |
|
|a Groeneveld, Elizabeth,
|d 1977-,
|e author.
|
| 245 |
1 |
0 |
|a Making Feminist Media :
|b Third-Wave Magazines on the Cusp of the Digital Age /
|c Elizabeth Groeneveld.
|
| 264 |
|
1 |
|a Waterloo, Ontario :
|b Wilfrid Laurier University Press,
|c 2016.
|
| 264 |
|
3 |
|a Baltimore, Md. :
|b Project MUSE,
|c 2016
|
| 264 |
|
4 |
|c ©2016.
|
| 300 |
|
|
|a 1 online resource (250 pages).
|
| 336 |
|
|
|a text
|b txt
|2 rdacontent
|
| 337 |
|
|
|a computer
|b c
|2 rdamedia
|
| 338 |
|
|
|a online resource
|b cr
|2 rdacarrier
|
| 490 |
0 |
|
|a Film and media studies series
|
| 505 |
0 |
|
|a "Someone else actually cares as much as me" : Sassy magazine, Grrrl zine culture, and feminist magazines -- "Serious and material business" : third-wave magazines and the marketplace in historical perspective -- HUES magazine, the politics of alliance, and critical multiculturalism -- "Be a feminist or just dress like one" : BUST, fashion and lifestyle feminism -- "Join the knitting revolution" : crafting public cultures in feminist periodicals -- Sex (toy) wars : Bitch magazine and feminism in public.
|
| 520 |
|
|
|a "It's about the media and craft cultures generated by Riot Grrrl and feminism's third wave. Its focus is on the feminist publications that began as zines in 1990s; in tracing their history, the author provides insight into the politics of feminism's recent past."--
|c Provided by publisher.
|
| 588 |
|
|
|a Description based on print version record.
|
| 650 |
|
7 |
|a Zines.
|2 fast
|0 (OCoLC)fst01896158
|
| 650 |
|
7 |
|a Women's periodicals.
|2 fast
|0 (OCoLC)fst01178763
|
| 650 |
|
7 |
|a Women.
|2 fast
|0 (OCoLC)fst01176568
|
| 650 |
|
7 |
|a Feminism
|x Periodicals.
|2 fast
|0 (OCoLC)fst00922693
|
| 650 |
|
7 |
|a Feminism.
|2 fast
|0 (OCoLC)fst00922671
|
| 650 |
|
7 |
|a SOCIAL SCIENCE
|x Minority Studies.
|2 bisacsh
|
| 650 |
|
7 |
|a SOCIAL SCIENCE
|x Discrimination & Race Relations.
|2 bisacsh
|
| 650 |
|
6 |
|a Femmes
|x Histoire
|y 20e siecle.
|
| 650 |
|
6 |
|a Presse feminine
|x Histoire
|y 20e siecle.
|
| 650 |
|
6 |
|a Zines
|x Histoire
|y 20e siecle.
|
| 650 |
|
6 |
|a Feminisme
|x Histoire
|y 20e siecle.
|
| 650 |
|
6 |
|a Feminisme
|x Periodiques
|x Histoire
|y 20e siecle.
|
| 650 |
|
0 |
|a Women
|x History
|y 20th century.
|
| 650 |
|
0 |
|a Women's periodicals
|x History
|y 20th century.
|
| 650 |
|
0 |
|a Zines
|x History
|y 20th century.
|
| 650 |
|
0 |
|a Feminism
|x History
|y 20th century.
|
| 650 |
|
0 |
|a Feminism
|x Periodicals
|x History
|y 20th century.
|
| 655 |
|
7 |
|a History.
|2 fast
|0 (OCoLC)fst01411628
|
| 655 |
|
7 |
|a Electronic books.
|2 local
|
| 710 |
2 |
|
|a Project Muse.
|e distributor
|
| 830 |
|
0 |
|a Book collections on Project MUSE.
|
| 856 |
4 |
0 |
|z Texto completo
|u https://projectmuse.uam.elogim.com/book/49037/
|
| 945 |
|
|
|a Project MUSE - Custom Collection
|
| 945 |
|
|
|a Project MUSE - 2016 Complete
|
| 945 |
|
|
|a Project MUSE - 2016 Global Cultural Studies
|